Periodismo comprometido : un código de ética para la profesión /

Gardado en:
Detalles Bibliográficos
Autor Principal: Lambeth, Edmund B. (autor)
Formato: Libro
Idioma:Lingua castelá
Publicado: México : Limusa, 1992, c1992
Temas:
Etiquetas: Engadir etiqueta
Sen Etiquetas, Sexa o primeiro en etiquetar este rexistro!

MARC

LEADER 00000nam^a2200000^a^4500
001 000037690
005 20250521000000.0
009 20260310085437.384
020 |a 968-18-4345-2 
037 |a Acervo ITESO - Biblioteca 
041 |a ESP 
082 |a 175. 1  |b LAM 
100 |a Lambeth, Edmund B.  |e (autor) 
245 1 0 |a Periodismo comprometido :  |b un código de ética para la profesión /  |c E.B. Lambeth ; tr. por María Guadalupe Cevallos de Rosillo. 
264 4 |a México :  |b Limusa,  |c 1992, c1992 
300 |a 224 p. 
336 |a texto  |b txt  |2 rdacontenido 
337 |a sin mediación  |b n  |2 rdamedio 
338 |a volumen  |b nc  |2 rdasoporte 
500 |a Traducción de: Committed Journalism: An Ethic for the Profession 
649 |a XX 
650 |a Etica Periodística 
650 |a Etica Profesional 
650 |a Periodismo 
650 |a Medios de Comunicación 
650 |a Comunicación Masiva 
910 |a Fondo General 
920 |a Impresos - Libros 
930 |a Colección General 
905 |a 101 
901 |a 0376900100  |b IT1  |c ACC  |i 037690  |u 20250521 
901 |a 0500030407  |b IT1  |c ACC  |u 20250521 
902 |a https://opac.biblio.iteso.mx/vufind/Record/000037690